NBA: Pistons Scoring Leader Every Season - Statistics

General Stats
  • This quiz has been taken 27 times
  • The average score is 43 of 75
Answer Stats
Season PPG Position Answer % Correct
1990 18.4 G Isiah Thomas
100%
1986 20.9 G Isiah Thomas
100%
1985 21.2 G Isiah Thomas
100%
1984 21.3 G Isiah Thomas
100%
1994 20.4 G Joe Dumars
96%
1993 23.5 G Joe Dumars
96%
1992 19.9 G Joe Dumars
96%
1991 20.4 G Joe Dumars
96%
2010 18.1 G Richard Hamilton
88%
2009 18.3 G Richard Hamilton
88%
2008 17.3 G Richard Hamilton
88%
2007 19.8 G Richard Hamilton
88%
2006 20.1 G Richard Hamilton
88%
2005 18.7 G Richard Hamilton
88%
2004 17.6 G Richard Hamilton
88%
2003 19.7 G Richard Hamilton
88%
2019 24.5 F Blake Griffin
81%
2018 19.8 F Blake Griffin
81%
1980 21.7 C Bob Lanier
81%
1979 23.6 C Bob Lanier
81%
1978 24.5 C Bob Lanier
81%
1977 25.3 C Bob Lanier
81%
1976 21.3 C Bob Lanier
81%
1975 24.0 C Bob Lanier
81%
1974 22.5 C Bob Lanier
81%
1973 23.8 C Bob Lanier
81%
1972 25.7 C Bob Lanier
81%
2000 25.8 F Grant Hill
77%
1999 21.1 F Grant Hill
77%
1998 21.1 F Grant Hill
77%
1997 21.4 F Grant Hill
77%
1996 20.2 F Grant Hill
77%
1995 19.9 F Grant Hill
77%
1989 18.4 F Adrian Dantley
65%
1988 20.0 F Adrian Dantley
65%
1987 21.5 F Adrian Dantley
65%
1971 27.0 G Dave Bing
65%
1970 22.9 G Dave Bing
65%
1969 23.4 G Dave Bing
65%
1968 27.1 G Dave Bing
65%
1967 20.0 G Dave Bing
65%
2022 19.2 F Jerami Grant
62%
2021 22.3 F Jerami Grant
62%
2002 21.4 G Jerry Stackhouse
62%
2001 29.8 G Jerry Stackhouse
62%
2016 18.8 G Reggie Jackson
50%
2015 17.6 G Reggie Jackson
50%
2023 21.6 F Bojan Bogdanovic
46%
2014 16.4 F Josh Smith
42%
1983 26.5 F Kelly Tripucka
35%
1959 20.8 F George Yardley
31%
1958 27.8 F George Yardley
31%
1957 21.5 F George Yardley
31%
1956 17.4 F George Yardley
31%
1955 17.3 F George Yardley
31%
2013 16.0 C Greg Monroe
31%
2012 15.4 C Greg Monroe
31%
2017 16.1 F Tobias Harris
27%
1964 21.6 F Bailey Howell
23%
1963 22.7 F Bailey Howell
23%
1962 19.9 F Bailey Howell
23%
1961 23.6 F Bailey Howell
23%
2011 15.5 G Rodney Stuckey
23%
2020 18.1 G Derrick Rose
15%
1954 15.1 C Larry Foust
15%
1953 14.3 C Larry Foust
15%
1960 22.8 G Gene Shue
12%
1982 21.9 G John Long
12%
1981 17.7 G John Long
12%
1951 15.1 F Fred Schaus
8%
1950 14.3 F Fred Schaus
8%
1949 9.9 C Bill Henry
4%
1952 15.9 G Frankie Brian
4%
1965 18.2 G Terry Dischinger
4%
1966 19.6 G Eddie Miles
0%
No matching quizzes found
Score Distribution
Percent of People with Each Score
Percentile by Number Answered
Your Score History
You have not taken this quiz